Social psychology of living well (Record no. 998658)

MARC details
000 -LEADER
fixed length control field 00872nam a2200277Ia 4500
003 - CONTROL NUMBER IDENTIFIER
control field OSt
005 - DATE AND TIME OF LATEST TRANSACTION
control field 20221005092325.0
008 - FIXED-LENGTH DATA ELEMENTS--GENERAL INFORMATION
fixed length control field 221004b |||||||| |||| 00| 0 eng d
020 ## - INTERNATIONAL STANDARD BOOK NUMBER
International Standard Book Number 9780815369240 (hbk)
037 ## - SOURCE OF ACQUISITION
Terms of availability Textual
040 ## - CATALOGING SOURCE
Original cataloging agency CRL
Transcribing agency CRL
Language of cataloging eng
041 ## - LANGUAGE CODE
Source of code eng
Language code of text/sound track or separate title eng
100 ## - MAIN ENTRY--PERSONAL NAME
Personal name Forgas Joseph P. Ed.
245 #0 - TITLE STATEMENT
Title Social psychology of living well
260 ## - PUBLICATION, DISTRIBUTION, ETC.
Place of publication, distribution, etc. New York
Name of publisher, distributor, etc. Routledge UK
Date of publication, distribution, etc. 2018
300 ## - PHYSICAL DESCRIPTION
Extent xv,345p.
Dimensions cm.
490 ## - SERIES STATEMENT
Series statement Sydney symposium of social psychology
650 ## - SUBJECT ADDED ENTRY--TOPICAL TERM
Topical term or geographic name entry element SOCIAL PSYCHOLOGY
700 ## - ADDED ENTRY--PERSONAL NAME
Personal name Baumeister Roy F. Ed.
9 (RLIN) 467096
942 ## - ADDED ENTRY ELEMENTS (KOHA)
Classification part S8, Q8
Koha item type Textual
Source of classification or shelving scheme
Holdings
Withdrawn status Lost status Damaged status Not for loan Home library Current library Date acquired Source of acquisition Total Checkouts Full call number Barcode Date last seen Price effective from Koha item type
        Central Library Central Library 2022-10-05 081, 24/01/2019, Classic Book Service   S8 Q8 CL1658789 2022-10-05 2022-10-05 Textual
Copyright @ Delhi University Library System